Pays avec le plus de médailles olympiques en natation - Statistiques

Statistiques générales
  • Ce quiz a été pris 170 fois
  • Le résultat moyen est 12 sur 16
Statistiques - réponses
G S B Médailles Pays % Correct
265 192 151 608 États-Unis
99%
12 17 22 51 France
99%
18 24 19 61 Chine
97%
7 11 10 28 Russie
94%
24 28 32 84 Japon
90%
76 79 77 232 Australie
86%
19 30 52 101 Allemagne
incl. Allemagne de l'Ouest
85%
12 20 31 63 Canada
84%
21 35 31 87 Grande Bretagne
81%
7 8 20 35 Italie
79%
18 24 27 69 Union soviétique
54%
11 16 14 41 Suède
52%
23 21 21 65 Pays-Bas
50%
32 28 21 81 Hongrie
48%
38 32 22 92 Allemagne de l'Est
35%
8 8 6 22 Afrique du Sud
30%
Aucun quiz correspondant
Distribution des résultats
% des personnes avec chaque résultat
Percentile par nombre de réponses
Votre historique - résultats
Vous n’avez pas pris ce quiz